书目信息 |
| 题名: |
实用白描画稿
|
|
| 作者: | 吕贤文 绘 | |
| 分册: | 春意花卉 | |
| 出版信息: | 天津 天津杨柳青画社 2012.07 |
|
| 页数: | 44页 | |
| 开本: | 25×26cm | |
| 丛书名: | ||
| 单 册: | ||
| 中图分类: | J222.7 , J222.77 | |
| 科图分类: | ||
| 主题词: | 白描--作品集--中国--现代 , 白描--花卉画--作品集--中国--现代 , 白描 , 花卉画 | |
| 电子资源: | ||
| ISBN: | 978-7-80738-917-0 | |
| 000 | 00876nam0 2200277 450 | |
| 001 | 006031584 | |
| 005 | 20140610163317.01 | |
| 010 | @a978-7-80738-917-0@dCNY18.00 | |
| 100 | @a20120910d2012 em y0chiy0110 ea | |
| 101 | 0 | @achi |
| 102 | @aCN@b120000 | |
| 105 | @aa z 000yy | |
| 106 | @ar | |
| 200 | 1 | @a实用白描画稿@9shi yong bai miao hua gao@i春意花卉@f吕贤文绘 |
| 210 | @a天津@c天津杨柳青画社@d2012.07 | |
| 215 | @a44页@c照片@d25×26cm | |
| 330 | @a本书分为梅花、梨花、桃花、杏花、樱花五部分,主要收录了梅花喜鹊1、梅花喜鹊2、梅花鹦鹉、梅花蜡嘴、梅花、梅花山雀等作品。 | |
| 606 | 0 | @a白描@x作品集@y中国@z现代 |
| 606 | 0 | @a白描@x花卉画@x作品集@y中国@z现代 |
| 606 | 0 | @a白描 |
| 606 | 0 | @a花卉画 |
| 690 | @aJ222.7@v5 | |
| 690 | @aJ222.77@v5 | |
| 701 | 0 | @a吕贤文@9lv xian wen@f(1953~)@4绘 |
| 801 | 0 | @aCN@bNLC@c20121113 |
| 905 | @b845889-92@dJ222.7@e294@f4 | |
| 实用白描画稿.春意花卉/吕贤文绘.-天津:天津杨柳青画社,2012.07 |
| 44页:照片;25×26cm |
| ISBN 978-7-80738-917-0:CNY18.00 |
| 本书分为梅花、梨花、桃花、杏花、樱花五部分,主要收录了梅花喜鹊1、梅花喜鹊2、梅花鹦鹉、梅花蜡嘴、梅花、梅花山雀等作品。 |
| ● |
| 相关链接 |
|
|
|
|
正题名:实用白描画稿
索取号:J222.7/294
 
预约/预借
| 序号 | 登录号 | 条形码 | 馆藏地/架位号 | 状态 | 备注 |
| 1 | 845889 | 208458890 | 第一样本阅览室/ [索取号:J222.7/294] | 在馆 | |
| 2 | 845890 | 208458907 | 密集书库-美术系/ [索取号:J222.7/294] | 在馆 | |
| 3 | 845892 | 208458925 | 第一借阅区/ [索取号:J222.7/294] | 在馆 |